Tilastot visalle Vastaus on palindromi

Klikkaa tästä pelataksesi tätä visaa!

Yleistilastot

  • Tätä visaa on pelattu 74 kertaa
  • Keskiarvotulos 8 / 16

Vastaustilastot

kysymysvastaus% Oikein
puhdistusvälinemyyjä (suomen kielen pisimmäksi mainittu palindromi)saippuakauppias
96%
pankkiautomaattipoikaOtto
76%
hyvät tai huonot, pöydässäkin tarpeentavat
74%
kuumia juomiateet
69%
käskevä tyttöAnna
65%
nimitys monelle vanhemmalleisi
63%
ei vieraitatutut
63%
hevosiatammat
52%
vuodenaikasyys
50%
islamilainen uskonoppinutimaami
48%
kosteaa sameutta ilmassautu
39%
kullakin tieteellä omansaala
37%
roomalaisittain Csadas
31%
musiikkia tai muuta taidettapop
24%
kotiin hankittavat NaCl-tuotteettaloussuolat
17%
nimikö?enne
6%

Tulosjakauma

Persentiili vastausten määrän mukaan

Jokaisen tuloksen saaneiden osuus

Tuloshistoriasi

Et ole pelannut tätä visaa